| 000 | 00634nam a2200229 i 4500 | ||
|---|---|---|---|
| 001 | 56542 | ||
| 003 | ES-MaACL | ||
| 005 | 20230906163409.0 | ||
| 007 | t| | ||
| 008 | 031010s1964 sp ||||1| cat d | ||
| 080 | _a821.111-31"18" | ||
| 100 | 1 |
_aDickens, Charles. _944489 |
|
| 245 | 1 | 0 |
_aDavid Copperfield novella / _cCharles Dickens ; traducció de l'angles per Josep Carner. |
| 250 | _a1ª ed. | ||
| 260 |
_aBarcelona : _bProa, _c1964. |
||
| 300 |
_a3 v. ; _c17 cm. |
||
| 490 | 1 | _aA tot vent | |
| 700 | 1 |
_aCarner, Josep. _935366 |
|
| 830 | 1 |
_aA tot vent _9180884 |
|
| 852 | 4 |
_aES-MaACL _jC-24734-36 |
|
| 999 |
_c56542 _d56542 |
||